Ładuje się......
Wizard of the north: Life of Sir Walter Scott /
| 1. autor: | |
|---|---|
| Format: | Printed Book |
| Język: | English |
| Wydane: |
Hodder & Stoughton,
1973.
|
| Hasła przedmiotowe: |
| LEADER | 00497nam a2200145Ia 4500 | ||
|---|---|---|---|
| 008 | 150623b xxu||||| |||| 00| 1 eng d | ||
| 082 | |a 823.6S109 | ||
| 100 | |a Oman, Carola | ||
| 245 | |a Wizard of the north: |b Life of Sir Walter Scott / |c Carola Oman | ||
| 260 | |b Hodder & Stoughton, |c 1973. | ||
| 300 | |a 396 p. | ||
| 650 | |v Fiction | ||
| 942 | |c BK | ||
| 999 | |c 14398 |d 14398 | ||
| 952 | |0 0 |1 0 |4 0 |6 823_000000000000000_6S109_OMA_W |7 0 |9 14397 |a UL |b UL |c ST2 |d 1998-09-24 |l 0 |o 823.6S109 OMA/W |p 21757 |r 2012-10-27 |w 2012-10-27 |y BK | ||